<?xml version="1.0" encoding="UTF-8"?>
<marc:record xmlns:marc="http://www.loc.gov/MARC21/slim">
   <marc:leader>00000nam a2200000 a 4500</marc:leader>
   <marc:datafield ind1="1" ind2=" " tag="100">
      <marc:subfield code="a">Luksch, Rosemary</marc:subfield>
      <marc:subfield code="4">aut</marc:subfield>
      <marc:subfield code="e">Verfasser/-in</marc:subfield>
   </marc:datafield>
   <marc:datafield ind1=" " ind2=" " tag="653">
      <marc:subfield code="a">Französisch</marc:subfield>
   </marc:datafield>
   <marc:datafield ind1=" " ind2=" " tag="653">
      <marc:subfield code="a">Grammatik</marc:subfield>
   </marc:datafield>
   <marc:datafield ind1=" " ind2=" " tag="653">
      <marc:subfield code="a">Lernen/Erwachsenenbildung</marc:subfield>
   </marc:datafield>
   <marc:datafield ind1=" " ind2=" " tag="653">
      <marc:subfield code="a">Volkshochschule</marc:subfield>
   </marc:datafield>
   <marc:datafield ind1=" " ind2=" " tag="653">
      <marc:subfield code="a">Aufgabensammlung</marc:subfield>
   </marc:datafield>
   <marc:datafield ind1="0" ind2="0" tag="245">
      <marc:subfield code="a">Mort sous la Tour Eiffel</marc:subfield>
   </marc:datafield>
   <marc:datafield ind1="0" ind2="0" tag="245">
      <marc:subfield code="b">auf Verbrecherjagd quer durch Paris ; Lernziel Französisch-Grammatik</marc:subfield>
   </marc:datafield>
   <marc:datafield ind1="0" ind2="0" tag="245">
      <marc:subfield code="c">Rosemary Luksch</marc:subfield>
   </marc:datafield>
   <marc:datafield ind1=" " ind2="1" tag="264">
      <marc:subfield code="a">München</marc:subfield>
      <marc:subfield code="b">Compact-Verl.</marc:subfield>
      <marc:subfield code="c">2008</marc:subfield>
   </marc:datafield>
   <marc:datafield ind1="1" ind2=" " tag="490">
      <marc:subfield code="a">Lernkrimi Französisch</marc:subfield>
   </marc:datafield>
   <marc:datafield ind1="1" ind2=" " tag="520">
      <marc:subfield code="a">Angaben aus der Verlagsmeldung

Tod unterm Eiffelturm : Lernziel Französisch Grammatik. Für mittleres Sprachniveau ( ab B1). Lernkrimi Französisch / von Rosemary Luksch

Fesselnde Kriminalgeschichte und Sprachtraining in einem! Durch die Lektüre des Lernkrimis werden Französischkenntnisse angewandt und vertieft. Der Text ist so konzipiert, dass er den Leser nebenbei durch Paris und zu den wichtigsten Sehenswürdigkeiten der französischen Metropole führt. Unterschiedliche, in den Text integrierte Übungsformen, wie z.B. Lückentext, Multiple Choice, Rätsel oder Umform-Aufgaben werden passend zum Inhalt und Lernziel aufbereitet. Die Aufgaben werden vom Leser selbst bearbeitet und die Lösungen direkt ins Buch eingetragen. Die Übungsanweisungen sind in deutscher Sprache verfasst. Im hinteren Teil des Buches befinden sich die Lösungen, ein umfangreiches Glossar und ein Abschlusstest, der dem Lernenden Aufschluss über seinen sprachlichen Fortschritt gibt. Das Buch ist konzipiert für mittleres Sprachniveau (Niveau B1 des Gemeinsamen Europäischen Referenzrahmens).

Mit zahlreichen Übungen, umfangreichem Glossar und einem Abschlusstest.
</marc:subfield>
   </marc:datafield>
   <marc:datafield ind1=" " ind2=" " tag="020">
      <marc:subfield code="a">9783817477869</marc:subfield>
      <marc:subfield code="9">9783817477869</marc:subfield>
   </marc:datafield>
   <marc:datafield ind1=" " ind2=" " tag="041">
      <marc:subfield code="a">fre</marc:subfield>
   </marc:datafield>
   <marc:datafield ind1=" " ind2=" " tag="300">
      <marc:subfield code="a">159 S.</marc:subfield>
   </marc:datafield>
</marc:record>
